Presidents With Facial Hair - Sudden Death - Statistics

General Stats
  • This quiz has been taken 44 times
  • The average score is 4 of 12
Answers on the Grid
Answers color-coded by a green-red scale on the quiz's grid according to % correct below.
William Harrison
Grover Cleveland
Zachary Taylor
James Monroe
Franklin Pierce
Richard Nixon
Rutherford Hayes
Herbert Hoover
Gerald Ford
Abraham Lincoln
James Madison
John F Kennedy
John Adams
William McKinley
Andrew Jackson
Woodrow Wilson
George W Bush
Warren Harding
Calvin Coolidge
Ulysses Grant
Ronald Reagan
Barack Obama
George H W Bush
John Tyler
George Washington
James Garfield
Jimmy Carter
Harry Truman
Andrew Johnson
Martin Van Buren
Benjamin Harrison
Dwight Eisenhower
Theodore Roosevelt
James Buchanan
William Taft
Lyndon Johnson
Chester Arthur
Franklin Roosevelt
Bill Clinton
James Polk
Millard Fillmore
Thomas Jefferson
John Quincy Adams
Donald Trump
Joe Biden
 
Answer Stats
Answer % Correct
Abraham Lincoln
50%
Ulysses Grant
50%
Theodore Roosevelt
46%
Martin Van Buren
43%
Benjamin Harrison
36%
Chester Arthur
36%
Grover Cleveland
32%
James Garfield
32%
Rutherford Hayes
32%
William Taft
32%
Zachary Taylor
29%
John Quincy Adams
25%
No matching quizzes found
Score Distribution
Percent of People with Each Score
Percentile by Number Answered
Your Score History
You have not taken this quiz